La turbina / (Record no. 176481)

MARC details
000 -LEADER
campo de control de longitud fija 00692nam a22002175i 4500
001 - NÚMERO DE CONTROL
campo de control 176481
003 - IDENTIFICADOR DE NÚMERO DE CONTROL
campo de control ES-MaACL
005 - FECHA Y HORA DE LA ÚLTIMA TRANSACCIÓN
campo de control 20240603125732.0
008 - DATOS DE LONGITUD FIJA--INFORMACIÓN GENERAL
campo de control de longitud fija 110118s1975 sp |||| | spa d
020 ## - NÚMERO INTERNACIONAL ESTÁNDAR DEL LIBRO
Número Internacional Estándar del Libro 84-85137-19-1
080 ## - NÚMERO DE LA CLASIFICACIÓN DECIMAL UNIVERSAL
Número de la Clasificación Decimal Universal 821.134.2-311.2"19"
100 1# - ENTRADA PRINCIPAL--NOMBRE DE PERSONA
Nombre de persona Arconada, César M.,
Fechas asociadas al nombre 1898-1964
9 (RLIN) 142239
245 13 - MENCIÓN DEL TÍTULO
Título La turbina /
Mención de responsabilidad, etc. César Muñoz Arconada ; prólogo de Gonzalo Santonja.
260 ## - PUBLICACIÓN, DISTRIBUCIÓN, ETC.
Lugar de publicación, distribución, etc. Madrid :
Nombre del editor, distribuidor, etc. Turner,
Fecha de publicación, distribución, etc. D. L. 1975.
300 ## - DESCRIPCIÓN FÍSICA
Extensión 175 p. ;
Dimensiones 21 cm.
490 1# - MENCIÓN DE SERIE
Mención de serie La novela social española ;
Designación de volumen o secuencia 4
700 1# - ENTRADA AGREGADA--NOMBRE PERSONAL
Nombre de persona Santonja, Gonzalo,
Fechas asociadas al nombre 1952-
9 (RLIN) 103451
830 0# - PUNTO DE ACCESO ADICIONAL DE SERIE-TÍTULO UNIFORME
Título uniforme La novela social española ;
Designación de volumen o secuencia 4
9 (RLIN) 190093
852 ## - LOCALIZACIÓN
Ubicación ES-MaACL
Número de control de estantería E-14084
Holdings
Estatus retirado Estado de pérdida Estado de daño No para préstamo Biblioteca de origen Biblioteca actual Ubicación en estantería Fecha de adquisición Fuente de adquisición Total de préstamos Signatura topográfica completa Código de barras Visto por última vez Precio de reemplazo Tipo de ítem Koha
        Biblioteca del Ateneo de Madrid Biblioteca del Ateneo de Madrid Depósito 2 18/01/2011     E-14084 1185342 23/02/2023 23/02/2023 Libro impreso